01134nam a22003014a 4500001001100000003000800011006001900019007001500038008004100053010001700094020001500111040002100126035002000147050002200167082001400189245007900203260005100282300002600333504005400359533015200413650002600565650002900591655002900620700002600649710001700675856012500692999001500817ebr5007366CaPaEBRm u cr cn|||||||||000301s2000 enka sb 000 0 eng  z 00028324  z0195215931 aCaPaEBRcCaPaEBR a(OCoLC)7076909314aHD75b.Q35 2000eb04a338.922104aThe quality of growthh[electronic resource] /cVinod Thomas ... [et al.]. aOxford ;aWashington, DC :bWorld Bank,c2000. axxxiv, 262 p. :bill. aIncludes bibliographical references (p. 233-262). aElectronic reproduction.bPalo Alto, Calif. :cebrary,d2013.nAvailable via World Wide Web.nAccess may be limited to ebrary affiliated libraries. 0aEconomic development. 0aSustainable development. 7aElectronic books.2local1 aThomas, Vinod,d1949-2 aebrary, Inc.40uhttp://site.ebrary.com/lib/rucke/Doc?id=5007366zAn electronic book accessible through the World Wide Web; click to view c5149d5149